| 000 | 00714nam a22002057a 4500 | ||
|---|---|---|---|
| 999 |
_c8707 _d8707 |
||
| 003 | AR-CdUCM | ||
| 008 | 190325b ||||| |||| 00| 0 spa d | ||
| 040 |
_aMUNICIPALIDAD PROVINCIAL DEL CUSCO _cBIBLIOTECA MUNICIPAL DEL CUSCO |
||
| 082 |
_214ed. _a869.914 / _bAS85 |
||
| 100 |
_aAsturias, Miguel Ángel _92136 |
||
| 245 | _aEl señor presidente / | ||
| 260 |
_aBuenos Aires : _bLosada, _c1970. |
||
| 300 |
_a296 paginas ; _c17 cm. |
||
| 505 | _aContenido : En el portal del señor - La muerte del mosco -- La fuga del pelele -- Cara de ángel -- Camila -- Capturas ... | ||
| 650 |
_aNovelas guatemaltecas _94752 |
||
| 650 |
_aSiglo XX. _98 |
||
| 650 |
_aLiteratura _983 |
||
| 942 |
_2ddc _cLIBROS |
||
| 945 | _awnts | ||